Score 0/20 Timer 03:00
0 Plays Today
Restaurant Missing Word % Correct
T.G.I. ______Friday's
97.6%
Hard ______ CafeRock
96.7%
______ HutPizza
96.2%
International _____ of PancakesHouse
96%
______ E. Cheese'sChuck
92.6%
______ CastleWhite
89.2%
Ruby ______Tuesday
87.9%
Bubba Gump ______ CompanyShrimp
83.8%
P.F. ______ China BistroChang's
80.6%
Cracker _____Barrel
80.3%
Restaurant Missing Word % Correct
______ Wild WingsBuffalo
75.7%
Bojangles' Famous ______ n' BiscuitsChicken
64.8%
______ Pizza KitchenCalifornia
62.2%
Wendy's Old Fashioned ______Hamburgers
47.3%
Ruth's ____ Steak HouseChris
45.3%
Applebee's ______ Grill & BarNeighborhood
44.6%
Sonic ______Drive-In
34.5%
______ di BeppoBuca
31.4%
Uno ______ GrillChicago
28.9%
Papa ____ Take 'N' Bake PizzaMurphy's
27.7%

Today's Daily Dose

Remove Ads.
Support Sporcle.
Get the best of Sporcle when you Go Orange. This ad-free experience offers more features, more stats, and more fun while also helping to support Sporcle. Thank you for becoming a member.

You're not logged in!

Compare scores with friends on all Sporcle quizzes.
OR
Log In

Show Comments

Extras

Top Quizzes Today


Score Distribution

Your Account Isn't Verified!

In order to create a playlist on Sporcle, you need to verify the email address you used during registration. Go to your Sporcle Settings to finish the process.

Report this User

Report this user for behavior that violates our Community Guidelines.

Details: